000 00564nam a2200205Ia 4500
005 20260429112256.0
008 260429s9999||||xx |||||||||||||| ||und||
020 _a9780691019581
041 _aEnglish
082 _a181.4
_bRAD
100 _aRadhakrishnan, Sarvepalli
245 0 _aSourcebook in Indian philosophy /
_cSarvepalli Radhakrishnan
250 _a1st ed.
260 _aPrinceton :
_bPrinceton University Press,
_c1989.
300 _axxxi, 684 p.; pbk
650 _a India
650 _aPhilosophy
700 _a Moore, Charles A.
942 _cTB
999 _c53260
_d53260